[Event "Titled Tuesday intern op 28th Jan Early"]
[Site "Chess.com INT"]
[Date "2025.01.28"]
[Round "6"]
[White "Vallee, Louis"]
[Black "Khotenashvili, Bela"]
[Result "1-0"]
[WhiteElo "2263"]
[BlackElo "2420"]
[PlyCount "79"]
[EventDate "2025.01.28"]
[EventType "swiss (blitz)"]
[EventRounds "11"]
[EventCountry "USA"]
[SourceTitle "CB06_2025"]
[SourceDate "2025.02.05"]
[SourceVersion "1"]
[SourceVersionDate "2025.02.05"]
[SourceQuality "1"]

1. d4 g6 2. e4 Bg7 3. c4 c5 4. d5 d6 5. h3 e6 6. Bd3 Ne7 7. Nc3 0-0 8. Nf3 e5 9. g4 Na6 10. Be3 f5 11. gxf5 gxf5 12. exf5 Nxf5 13. Bxf5 Bxf5 14. Ng5 Qe8 15. Nge4 Qg6 16. Qf3 Nb4 17. Kd2 Kh8 18. a3 Bh6 19. Rag1 Bxe3+ 20. Qxe3 Qh5 21. axb4 cxb4 22. Ne2 Bxe4 23. Qxe4 Rxf2 24. Rg2 Raf8 25. Rhh2 R2f3 26. Rg4 Rxh3 27. Rxh3 Qxh3 28. Rh4 Qf5 29. Qxf5 Rxf5 30. Rh6 Kg7 31. Rxd6 h5 32. Rd7+ Kg6 33. Rxb7 h4 34. Rxa7 h3 35. Ra1 h2 36. Rh1 Rf2 37. Ke3 Rg2 38. c5 Kf5 39. c6 e4 40. c7 1-0

[Event "Titled Tuesday intern op 14th Jan Early"]
[Site "Chess.com INT"]
[Date "2025.01.14"]
[Round "3"]
[White "Bortnyk, Olexandr"]
[Black "Khotenashvili, Bela"]
[Result "1-0"]
[WhiteElo "2601"]
[BlackElo "2420"]
[PlyCount "59"]
[EventDate "2025.01.14"]
[EventType "swiss (blitz)"]
[EventRounds "11"]
[EventCountry "USA"]
[SourceTitle "CB04_2025"]
[SourceDate "2025.01.22"]
[SourceVersion "1"]
[SourceVersionDate "2025.01.22"]
[SourceQuality "1"]

1. e4 c6 2. c4 d5 3. cxd5 cxd5 4. exd5 Qxd5 5. Nc3 Qd8 6. Bc4 e6 7. d4 Nf6 8. Nf3 Be7 9. 0-0 0-0 10. Qe2 Nbd7 11. Rd1 Nb6 12. Bd3 Bd7 13. Ne5 Bc6 14. Nxc6 bxc6 15. Bg5 Nbd5 16. Rac1 Rb8 17. a3 a5 18. Na4 Qd6 19. Qf3 Nd7 20. Bd2 Bf6 21. Bxa5 Ra8 22. b4 g6 23. Bb1 Rxa5 24. bxa5 Ra8 25. Nb2 Ne7 26. Nc4 Qc7 27. Nb6 Rxa5 28. Nxd7 Bg5 29. Ne5 Nf5 30. Rxc6 1-0

[Event "Titled Tuesday intern op 14th Jan Early"]
[Site "Chess.com INT"]
[Date "2025.01.14"]
[Round "9"]
[White "Silva, Lucas"]
[Black "Khotenashvili, Bela"]
[Result "1-0"]
[WhiteElo "2254"]
[BlackElo "2420"]
[PlyCount "77"]
[EventDate "2025.01.14"]
[EventType "swiss (blitz)"]
[EventRounds "11"]
[EventCountry "USA"]
[SourceTitle "CB04_2025"]
[SourceDate "2025.01.22"]
[SourceVersion "1"]
[SourceVersionDate "2025.01.22"]
[SourceQuality "1"]

1. e4 c6 2. d4 g6 3. h3 d5 4. e5 Nh6 5. Nc3 f6 6. Nf3 Bg7 7. Be3 0-0 8. g4 Nf7 9. exf6 exf6 10. Qd2 b5 11. Bg2 Nd7 12. 0-0 a5 13. Ne1 Nd6 14. b3 Re8 15. Nd3 b4 16. Na4 Ne4 17. Bxe4 dxe4 18. Ndc5 Nf8 19. Rad1 f5 20. Bg5 Qc7 21. d5 Ra7 22. d6 Qf7 23. Qf4 Be5 24. Qe3 fxg4 25. Nb6 Nd7 26. Nxc8 Rxc8 27. Nxe4 Rb7 28. hxg4 Rb5 29. f4 Bg7 30. Kg2 Re8 31. Qf3 Re6 32. Rfe1 h6 33. Bh4 Rd5 34. Bg3 Rxd1 35. Qxd1 Qe8 36. Qf3 c5 37. f5 gxf5 38. gxf5 Re5 39. f6 1-0

[Event "EU-ch blitz (Women)"]
[Site "Monaco"]
[Date "2025.01.10"]
[Round "4"]
[White "Hrebenshchykova, Yelyzaveta"]
[Black "Khotenashvili, Bela"]
[Result "1-0"]
[WhiteElo "2280"]
[BlackElo "2420"]
[PlyCount "117"]
[EventDate "2025.01.10"]
[EventType "swiss (blitz)"]
[EventRounds "13"]
[EventCountry "MNC"]
[SourceTitle "CB03_2025"]
[SourceDate "2025.01.15"]
[SourceVersion "1"]
[SourceVersionDate "2025.01.15"]
[SourceQuality "1"]

1. Nf3 g6 2. d4 Bg7 3. g3 c5 4. c4 cxd4 5. Nxd4 Nc6 6. Nc2 h5 7. h3 d6 8. Bg2 Be6 9. Ne3 Qd7 10. Nc3 Ne5 11. Ncd5 Rc8 12. Qb3 Nh6 13. Bd2 0-0 14. Rc1 Nf5 15. Nxf5 Bxf5 16. Ne3 Be6 17. h4 Nxc4 18. Nxc4 b5 19. Nb6 axb6 20. Qe3 Bxb2 21. Rb1 Bg7 22. a3 Qa7 23. Bb4 Rc2 24. 0-0 Rfc8 25. Rfd1 Qa6 26. Bd5 Bxd5 27. Rxd5 R8c7 28. Kh2 R2c4 29. Qf3 Qb7 30. Rbd1 Qc8 31. Qe3 Qe6 32. Qxb6 R7c6 33. Qb8+ Kh7 34. R5d2 Rc2 35. Qb7 Rxd2 36. Rxd2 Bd4 37. Qxc6 Bxf2 38. Qf3 Be3 39. Rd3 Bb6 40. e4 Qa2+ 41. Qg2 Qc4 42. Rd1 f6 43. Re1 Qd4 44. Qf3 Qb2+ 45. Qe2 Qe5 46. Bd2 Bc5 47. Bb4 Bb6 48. Rc1 Bd4 49. Qd3 Bb6 50. Rc6 Bd4 51. Bc3 Bxc3 52. Rxc3 Qe6 53. Rc7 Kg7 54. Qd5 Qg4 55. Rxe7+ Kh6 56. Qd2+ g5 57. hxg5+ Kg6 58. gxf6 h4 59. Rg7+ 1-0

[Event "EU-ch blitz (Women)"]
[Site "Monaco"]
[Date "2025.01.10"]
[Round "13"]
[White "Maltsevskaya, Aleksandra"]
[Black "Khotenashvili, Bela"]
[Result "1-0"]
[WhiteElo "2368"]
[BlackElo "2420"]
[PlyCount "99"]
[EventDate "2025.01.10"]
[EventType "swiss (blitz)"]
[EventRounds "13"]
[EventCountry "MNC"]
[SourceTitle "CB03_2025"]
[SourceDate "2025.01.15"]
[SourceVersion "1"]
[SourceVersionDate "2025.01.15"]
[SourceQuality "1"]

1. e4 c6 2. d4 g6 3. Nf3 Bg7 4. h3 d5 5. e5 Nh6 6. Bd3 0-0 7. 0-0 f6 8. exf6 exf6 9. c4 Be6 10. Qb3 Qb6 11. Nc3 dxc4 12. Bxc4 Qxb3 13. axb3 Bf7 14. Re1 Nf5 15. Bf4 g5 16. Bh2 Rd8 17. g4 Nh6 18. Re7 Nd7 19. Bc7 Bf8 20. Bxd8 Rxd8 21. Re2 a6 22. Rae1 Nb6 23. Bxf7+ Kxf7 24. Ne4 Nd5 25. Kh2 Ng8 26. h4 Bb4 27. Rd1 h6 28. Kg3 Nge7 29. hxg5 hxg5 30. Rh1 Kg7 31. Nc5 Bxc5 32. dxc5 Ng6 33. Nd4 Rd7 34. Nf5+ Kg8 35. Re8+ Nf8 36. Rhe1 Kf7 37. Nd6+ Kg7 38. Rb8 Nf4 39. Rxb7 Rxb7 40. Nxb7 N8e6 41. Rd1 Nd5 42. b4 Kf7 43. Na5 Nxb4 44. Rd7+ Kg6 45. Rd6 Nxc5 46. f3 Na4 47. b3 Nc5 48. Rd4 Nbd3 49. b4 Nxb4 50. Rxb4 1-0

[Event "EU-ch blitz (Women)"]
[Site "Monaco"]
[Date "2025.01.10"]
[Round "12"]
[White "Roebers, Eline"]
[Black "Khotenashvili, Bela"]
[Result "1/2-1/2"]
[WhiteElo "2381"]
[BlackElo "2420"]
[PlyCount "88"]
[EventDate "2025.01.10"]
[EventType "swiss (blitz)"]
[EventRounds "13"]
[EventCountry "MNC"]
[SourceTitle "CB03_2025"]
[SourceDate "2025.01.15"]
[SourceVersion "1"]
[SourceVersionDate "2025.01.15"]
[SourceQuality "1"]

1. e4 c6 2. Nf3 d5 3. Nc3 g6 4. d4 Bg7 5. h3 Nh6 6. e5 f6 7. Bf4 Nf7 8. Qd2 b5 9. a4 b4 10. Ne2 a5 11. Ng3 Na6 12. 0-0-0 fxe5 13. dxe5 Nc5 14. b3 Ne6 15. Be3 Nxe5 16. Nd4 Bf6 17. f4 Nf7 18. Nxc6 Qd6 19. Nd4 Nxd4 20. Bxd4 Bb7 21. Bb5+ Kf8 22. Rhf1 Rc8 23. Qd3 Qc7 24. Rd2 Nd6 25. f5 g5 26. Nh5 Ne4 27. Re2 Bxd4 28. Qxd4 Qc3 29. Qxc3 Rxc3 30. f6 e6 31. f7 Rc7 32. Bd3 Rxf7 33. Rxf7+ Kxf7 34. Bxe4 dxe4 35. Ng3 Rd8 36. Nxe4 Rd5 37. Nd2 Ke7 38. Re3 Rf5 39. g4 Rc5 40. Nc4 Ba6 41. Ne5 Bb7 42. Nc4 Ba6 43. Ne5 Bb7 44. Nc4 Ba6 1/2-1/2

[Event "Titled Tuesday intern op 07th Jan Early"]
[Site "Chess.com INT"]
[Date "2025.01.07"]
[Round "1"]
[White "Abad Huaman, Adrian Estiven"]
[Black "Khotenashvili, Bela"]
[Result "0-1"]
[WhiteElo "2042"]
[BlackElo "2420"]
[PlyCount "106"]
[EventDate "2025.01.07"]
[EventType "swiss (blitz)"]
[EventRounds "11"]
[EventCountry "USA"]
[SourceTitle "CB03_2025"]
[SourceDate "2025.01.15"]
[SourceVersion "1"]
[SourceVersionDate "2025.01.15"]
[SourceQuality "1"]

1. d4 g6 2. c4 Bg7 3. Nc3 c5 4. d5 d6 5. e4 Bxc3+ 6. bxc3 e5 7. f4 exf4 8. Bxf4 Qh4+ 9. g3 Qe7 10. Bd3 Nf6 11. Qe2 Nbd7 12. Nf3 Ng4 13. 0-0 Nge5 14. Nxe5 Nxe5 15. Bxe5 Qxe5 16. Rac1 0-0 17. Qf3 f6 18. Qf4 Qe7 19. Kg2 Bd7 20. Rfe1 b6 21. Rc2 Rae8 22. Rce2 Qe5 23. Qxe5 Rxe5 24. Re3 Rfe8 25. Kf2 R8e7 26. R1e2 Kg7 27. Re1 h5 28. h4 g5 29. R1e2 Bg4 30. Re1 Kh6 31. Bc2 Bc8 32. Bd3 Rg7 33. R1e2 gxh4 34. gxh4 Rg4 35. Rh3 Kg7 36. Rg3 Re7 37. Rxg4+ Bxg4 38. Re1 Re8 39. Kg3 Rg8 40. Kf4 Kf7 41. Rg1 Ke7 42. Bc2 Rb8 43. Bd1 Bxd1 44. Rxd1 Kf7 45. Rg1 b5 46. cxb5 Rxb5 47. Rg2 Rb1 48. Ke3 Rh1 49. Kd3 Rxh4 50. Re2 Rf4 51. Ke3 Rg4 52. a4 h4 53. Kd3 h3 0-1

[Event "Titled Tuesday intern op 07th Jan Early"]
[Site "Chess.com INT"]
[Date "2025.01.07"]
[Round "11"]
[White "Bardyk, Artem"]
[Black "Khotenashvili, Bela"]
[Result "1-0"]
[WhiteElo "2249"]
[BlackElo "2420"]
[PlyCount "51"]
[EventDate "2025.01.07"]
[EventType "swiss (blitz)"]
[EventRounds "11"]
[EventCountry "USA"]
[SourceTitle "CB03_2025"]
[SourceDate "2025.01.15"]
[SourceVersion "1"]
[SourceVersionDate "2025.01.15"]
[SourceQuality "1"]

1. e4 c6 2. d4 d5 3. exd5 cxd5 4. Bd3 Nf6 5. c3 Bg4 6. Nf3 Nc6 7. Bf4 e6 8. Nbd2 Bd6 9. Bxd6 Qxd6 10. 0-0 0-0 11. Qe1 Bh5 12. Ne5 Bg6 13. Bxg6 hxg6 14. f4 b5 15. Qh4 Nd7 16. Rf3 Ndxe5 17. fxe5 Qe7 18. Qg4 Qe8 19. Raf1 Ne7 20. Rh3 Nf5 21. Nf3 f6 22. exf6 gxf6 23. Nh4 Kg7 24. Rxf5 exf5 25. Nxf5+ Kg8 26. Qh4 1-0

[Event "Wch Blitz (Women)"]
[Site "New York"]
[Date "2024.12.30"]
[Round "7"]
[White "Khotenashvili, Bela"]
[Black "Foisor, Sabina Francesca"]
[Result "1-0"]
[WhiteElo "2420"]
[BlackElo "2222"]
[PlyCount "97"]
[EventDate "2024.12.30"]
[EventType "swiss (blitz)"]
[EventRounds "11"]
[EventCountry "USA"]
[SourceTitle "CB01_2025"]
[SourceDate "2025.01.01"]
[SourceVersion "1"]
[SourceVersionDate "2025.01.01"]
[SourceQuality "1"]

1. Nf3 d5 2. g3 Nf6 3. Bg2 e6 4. 0-0 Be7 5. d3 0-0 6. Nbd2 b6 7. e4 Bb7 8. e5 Nfd7 9. Re1 c5 10. Nf1 Nc6 11. h4 Qc7 12. Bf4 Rfc8 13. Ne3 Nf8 14. h5 b5 15. Ng4 Qd8 16. Qd2 d4 17. a3 a5 18. h6 g6 19. Ng5 Ra7 20. Ne4 Nd7 21. a4 bxa4 22. Rxa4 Ba6 23. Raa1 c4 24. dxc4 Bxc4 25. Bg5 Ncxe5 26. Qxd4 Bxg5 27. Nxe5 Nxe5 28. Qxa7 Bxh6 29. Qxa5 Qxa5 30. Rxa5 Bg7 31. b3 Bd5 32. c4 Bc6 33. Nd6 Rb8 34. Nb5 Bxg2 35. Kxg2 h5 36. Rea1 Nd3 37. Ra8 Rxa8 38. Rxa8+ Kh7 39. Nd6 Be5 40. Nxf7 Bc3 41. Ng5+ Kg7 42. Nxe6+ Kf6 43. Nf4 Nxf4+ 44. gxf4 Kf5 45. c5 Kxf4 46. c6 Be5 47. Ra7 Kg5 48. c7 Bxc7 49. Rxc7 1-0